000 00508 a2200169 4500
000 BKB
001 069920
005 20200902150403.0
008
082 _a338.5024658
_bS49M
100 1 _aSamuelson William f,Marks Stephen G
245 1 _aManagerial economics
_cby William F. Samuelson and Steophen
250 _a5th ed.
260 _aIndia
_bWiley
_c2010
300 _a891p.
690 _aManagerial economics; Managerial economics--Study and teaching
999 _c3454
_d3454